[Event "Polanica Zdroj op-D 49th"]
[Site "Polanica Zdroj"]
[Date "2013.08.25"]
[Round "9"]
[White "Dzieczkaniec, Wieslaw"]
[Black "Kwiek, Janusz"]
[Result "1-0"]
[WhiteElo "1893"]
[BlackElo "1592"]
[PlyCount "65"]
[EventDate "2013.08.17"]
[EventType "swiss"]
[EventRounds "9"]
[EventCountry "POL"]
[SourceTitle "EXT 2014"]
[Source "ChessBase"]
[SourceDate "2013.11.20"]
[SourceVersion "1"]
[SourceVersionDate "2013.11.20"]
[SourceQuality "1"]

1. e4 e6 2. d4 d5 3. e5 c5 4. c3 Nc6 5. Bb5 cxd4 6. Qxd4 Bd7 7. Bxc6 Bxc6 8. Ne2 Ne7 9. Ng3 Ng6 10. 0-0 b6 11. b4 a5 12. Be3 axb4 13. cxb4 b5 14. f4 Qb8 15. Nd2 Be7 16. Nb3 Ra4 17. Nc5 Ra3 18. Bc1 Ra7 19. Bb2 0-0 20. f5 Bxc5 21. Qxc5 Nxe5 22. Bxe5 Qxe5 23. Qxa7 exf5 24. Rae1 Qb2 25. Qc5 Ba8 26. Nxf5 d4 27. Rf2 Qc3 28. Ne7+ Kh8 29. Qxc3 dxc3 30. Rc2 g6 31. Rxc3 Kg7 32. Rc8 Rxc8 33. Nxc8 1-0

[Event "Polanica Zdroj op-D 48th"]
[Site "Polanica Zdroj"]
[Date "2012.08.25"]
[Round "8"]
[White "Dzieczkaniec, Wieslaw"]
[Black "Rosicki, Marcin"]
[Result "1/2-1/2"]
[WhiteElo "1926"]
[BlackElo "1646"]
[PlyCount "118"]
[EventDate "2012.08.18"]
[EventType "swiss"]
[EventRounds "9"]
[EventCountry "POL"]
[SourceTitle "EXT 2014"]
[Source "ChessBase"]
[SourceDate "2013.11.20"]
[SourceVersion "1"]
[SourceVersionDate "2013.11.20"]
[SourceQuality "1"]

1. d4 Nf6 2. c4 c5 3. Nf3 g6 4. Nc3 Bg7 5. d5 d6 6. e4 b5 7. cxb5 a6 8. bxa6 Bxa6 9. Bxa6 Rxa6 10. 0-0 0-0 11. Rb1 Nbd7 12. h3 Qb6 13. Qc2 Rb8 14. Be3 Qb7 15. Nd2 Nb6 16. b3 Nfd7 17. a4 Rc8 18. Nb5 Qa8 19. Na3 c4 20. Naxc4 Nxc4 21. Nxc4 Ne5 22. Rfc1 Nxc4 23. bxc4 Rxa4 24. Qb3 Be5 25. Bh6 Bd4 26. Rc2 Ra3 27. Qb5 Ra5 28. Qd7 Ra7 29. Qg4 Rb8 30. Rd1 Ra1 31. Kh2 Rxd1 32. Qxd1 Qa7 33. Qe2 Ra8 34. g3 Qa3 35. Qd2 Qa7 36. Kg2 Be5 37. Be3 Qa5 38. Qe2 Qa6 39. f4 Bg7 40. g4 Qa1 41. c5 dxc5 42. Bxc5 Bd4 43. Bxd4 Qxd4 44. Rd2 Qc5 45. e5 Ra1 46. Qf2 Qc1 47. Kg3 Ra3+ 48. Kh4 Qh1 49. Qg2 Qe1+ 50. Rf2 Ra2 51. Kg3 Rxf2 52. Qxf2 Qd1 53. Qa2 Qe1+ 54. Kf3 Qh1+ 55. Qg2 Qd1+ 56. Kg3 Qe1+ 57. Qf2 Qd1 58. Qg2 Qe1+ 59. Qf2 Qd1 1/2-1/2

[Event "Polanica Zdroj op-D 47th"]
[Site "Polanica Zdroj"]
[Date "2011.08.24"]
[Round "5"]
[White "Wianecki, Mateusz"]
[Black "Dzieczkaniec, Wieslaw"]
[Result "1/2-1/2"]
[WhiteElo "1693"]
[BlackElo "1878"]
[PlyCount "83"]
[EventDate "2011.08.20"]
[EventType "swiss"]
[EventRounds "9"]
[EventCountry "POL"]
[SourceTitle "EXT 2014"]
[Source "ChessBase"]
[SourceDate "2013.11.20"]
[SourceVersion "1"]
[SourceVersionDate "2013.11.20"]
[SourceQuality "1"]

1. b3 e5 2. Bb2 e4 3. e3 Nf6 4. d3 d5 5. dxe4 Nxe4 6. Bd3 Qg5 7. Bxe4 dxe4 8. Kf1 Nc6 9. Nc3 Qf5 10. Qd5 Be6 11. Qxf5 Bxf5 12. Nge2 Bg6 13. Nf4 Bf5 14. a3 0-0-0 15. Rd1 Bd6 16. Nfe2 Be5 17. Rxd8+ Rxd8 18. Ke1 Bg6 19. Na4 b5 20. Bxe5 bxa4 21. Bd4 axb3 22. cxb3 Bh5 23. Nf4 Bg6 24. Bxg7 Na5 25. b4 Nc4 26. Bd4 Nxa3 27. Bxa7 Nc2+ 28. Ke2 Nxb4 29. Rb1 Nd3 30. Rb8+ Kd7 31. Rxd8+ Kxd8 32. Nxd3 exd3+ 33. Kd2 Kd7 34. f3 Kc6 35. e4 Kb5 36. Kxd3 c5 37. Kc3 f5 38. exf5 Bxf5 39. g4 Bg6 40. f4 Be4 41. h4 Bf3 42. g5 1/2-1/2

[Event "Polanica Zdroj op-D 47th"]
[Site "Polanica Zdroj"]
[Date "2011.08.22"]
[Round "3"]
[White "Sobota, Jozef"]
[Black "Dzieczkaniec, Wieslaw"]
[Result "0-1"]
[WhiteElo "1569"]
[BlackElo "1878"]
[PlyCount "98"]
[EventDate "2011.08.20"]
[EventType "swiss"]
[EventRounds "9"]
[EventCountry "POL"]
[SourceTitle "EXT 2014"]
[Source "ChessBase"]
[SourceDate "2013.11.20"]
[SourceVersion "1"]
[SourceVersionDate "2013.11.20"]
[SourceQuality "1"]

1. e4 e6 2. Nc3 d5 3. exd5 exd5 4. d4 Nf6 5. Nf3 Bb4 6. Bd2 0-0 7. Be2 Bxc3 8. Bxc3 Ne4 9. 0-0 Re8 10. Bd3 Bg4 11. h3 Bh5 12. Be2 Nd7 13. Re1 Qf6 14. Qd3 c6 15. Bd2 Re6 16. Be3 Rae8 17. c4 dxc4 18. Qxc4 Nb6 19. Qb3 Nd5 20. Qxb7 h6 21. Qb3 Nxe3 22. fxe3 Bxf3 23. Bxf3 Nd2 24. Qd1 Nxf3+ 25. Qxf3 Qxf3 26. gxf3 Rxe3 27. Rxe3 Rxe3 28. Kf2 Rd3 29. Rc1 Rxd4 30. Rxc6 Rd2+ 31. Ke3 Rxb2 32. Ra6 Rb7 33. a4 Kf8 34. Kd4 Ke7 35. Kc5 Kd8 36. Rc6 Rb3 37. Ra6 Rc3+ 38. Kd6 Rd3+ 39. Ke5 Rd7 40. Rc6 Re7+ 41. Kf5 Kd7 42. Ra6 Kc8 43. f4 Kb7 44. Rd6 Rc7 45. a5 Rc5+ 46. Kg4 h5+ 47. Kf3 Kc7 48. Ra6 Kb8 49. Rd6 Rc7 0-1

[Event "Polanica Zdroj op-B 43rd"]
[Site "Polanica Zdroj"]
[Date "2007.08.22"]
[Round "6"]
[White "Dzieczkaniec, Wieslaw"]
[Black "Zajaczkowski, Piotr"]
[Result "1-0"]
[WhiteElo "1970"]
[BlackElo "1755"]
[PlyCount "93"]
[EventDate "2007.08.17"]
[EventType "swiss"]
[EventRounds "10"]
[EventCountry "POL"]
[SourceTitle "CBM 120 Extra"]
[Source "ChessBase"]
[SourceDate "2007.11.01"]
[SourceVersion "1"]
[SourceVersionDate "2007.11.01"]
[SourceQuality "1"]

1. d4 Nf6 2. c4 b6 3. Nc3 Bb7 4. Bg5 h6 5. Bh4 g5 6. Bg3 Bg7 7. e3 d6 8. Nf3 Nbd7 9. Bd3 c5 10. d5 Nh5 11. Rc1 a6 12. Nd2 Nxg3 13. hxg3 Ne5 14. Be2 e6 15. dxe6 Bxg2 16. Rg1 Bc6 17. exf7+ Kxf7 18. Bh5+ Kg8 19. Qe2 Qe7 20. f4 Nf7 21. Kd1 Rb8 22. e4 b5 23. b3 Bxc3 24. Rxc3 Kg7 25. Re3 Qf6 26. Kc2 Rhe8 27. Re1 Re7 28. Qd3 Rbe8 29. Bxf7 Kxf7 30. fxg5 Qxg5 31. Qxd6 Re6 32. Qf4+ Kg7 33. cxb5 axb5 34. Kb2 Qe5+ 35. Qxe5+ Rxe5 36. Rc3 Rf8 37. Re2 Kg6 38. Nf3 Rh5 39. Nh4+ Kh7 40. e5 Rg8 41. Rxc5 Rxg3 42. Rxc6 Rxh4 43. e6 Rg8 44. e7 Re8 45. Rf6 Kg7 46. Rf5 b4 47. Rg2+ 1-0